000 00667caa a22001812a 4500
001 005020
003 AR-FADEU
008 311216n########xxu####################dd
092 _a401.931
_bC536
100 _aGopnik, Alison
245 _aFrom people, to plans, to objects : changes in the meaning of early words and their relation to cognitive development
300 _aPP. 60-70
500 _aEn: Child language /ed. Margery B. Franklin. New York : Oxford University, 1988
700 _aAndrew N., Meltzoff
546 _aInglés
942 _cBDGR
773 0 _010836
_99777
_a
_b
_dNew York
_o02917
_tCHILD Language : a reader
_w( AR-FADEU) 005014
_x
_z0-19-504333-2
999 _c10842
_d10842